000 00539nam a2200181 a 4500
001 000034655
005 20200930073824.0
008 111012s2004 ag a 000 f spa d
020 _a9875503738
040 _aDO-SdBNP
_bspa
_cBNPHU
082 _axxx
_bG447e
100 1 _aGibrán, Kahlil,
_d1883-1931.
_927512
245 1 0 _aEl jardín del profeta /
_cKhalil Gibrán.
260 _aBuenos Aires :
_bLongseller,
_c2004.
300 _a128 p. :
_bil. ;
_c18 cm.
490 1 _aClásicos de siempre
_v8
830 0 _aClásicos de siempre;
_v8
_960025
999 _c34146
_d34146